Państwa, przez które przebiegają Góry Dynarskie. - Statystyki

Ogólne statystyki
  • Ten quiz został rozwiązany 52 razy
  • Średni wynik to 7 z 7
Statystyki odpowiedzi
Odpowiedź % Poprawnych
4. Czarnogóra
100%
6. Serbia
100%
1. Albania
98%
2. Bośnia i Hercegowina
98%
5. Kosowo
98%
3. Chorwacja
96%
7. Słowenia
94%
Nie znaleziono quizów pasujących do podanych kryteriów
Rozkład punktacji
Procent ludzi z każdym wynikiem
Percentyl według liczby udzielonych odpowiedzi
Twoja historia wyników
Nie rozwiązałeś tego quizu